Cyber marketing

Bibliographic Details
Main Author: Keeler
Format: Book
Published: New York: AMACOM, 1995.
Subjects:
LEADER 00476cam a2200169 7i4500
001 0000003612
005 19991025090000.0
002 ##000004988
020 0 0 |a 0-8144-7879-4  
090 0 0 |a B 658.84   |b KEE 
100 1 0 |a Keeler  
245 0 0 |a Cyber marketing   |c Len Keeler. 
260 0 0 |a New York:   |b AMACOM,   |c 1995. 
300 0 0 |a 332p. 
650 0 0 |a Internet  
650 0 0 |a Marketing --   |x Communication systems --   |x Data processing  
999 |a 0000005927  |b Book  |c Open shelf  |e Business Information Centre